Taylor Swift - the last great american dynasty Lyrics - Statistics

General Stats
  • This quiz has been taken 197 times
  • The average score is 277 of 329
Answer Stats
Answer % Correct
a
99%
I
99%
the
99%
The
99%
to
96%
Who
96%
American
95%
great
95%
it
95%
it?"
95%
It
95%
last
95%
this
95%
women
95%
dynasty
94%
ever
94%
she
94%
She
94%
town
94%
and
93%
And
93%
goes
93%
had
93%
on
93%
seen
93%
"There
93%
There
93%
They
93%
they
93%
was
93%
what
93%
woman
92%
by
91%
do
91%
has
91%
if
91%
time
91%
up
91%
knows
90%
said
90%
been
89%
never
89%
could've
88%
everything"
88%
everything
88%
marvelous
88%
me
88%
green
87%
Her
87%
her
87%
house
87%
House"
87%
House
87%
ruining
87%
showed
87%
is
86%
loud
86%
men
86%
in
85%
say
85%
afternoon
84%
sunny
84%
dog
83%
his
83%
out
83%
Rhode
83%
with
83%
"Holiday
82%
Holiday
82%
of
82%
then
82%
train
82%
bought
81%
lime
81%
key
80%
occasion
78%
stole
78%
loudest
77%
money
77%
that
77%
called
76%
long
76%
midnight
76%
rode
76%
at
75%
dyed
75%
Free
75%
habits
75%
so
75%
bad
74%
Island
74%
Rebekah
74%
rocks
74%
years
74%
did
73%
"How
73%
name
73%
were
73%
Fifty
72%
gave
72%
maddest
72%
beach
71%
class
71%
middle
71%
set
71%
madness
70%
new
70%
sea
70%
Their
70%
their
70%
down
69%
from
69%
have
69%
home
69%
neighbor
69%
heart
68%
city
67%
far
67%
friends
67%
parties
67%
ballet
66%
divorcée
66%
doctor
66%
feud
66%
little
66%
must
66%
big
65%
boys
65%
forever
65%
mind
65%
off
65%
quietly
65%
sat
65%
wedding
65%
pool
64%
told
64%
took
64%
fault
63%
heir
63%
most
63%
names
63%
Oil
63%
only
63%
settle
63%
There's
63%
all
62%
champagne
62%
charming
62%
him
62%
staring
62%
St. Louis
62%
Bill
61%
Bitch
61%
picked
61%
shameless
61%
game
60%
Pacing
60%
card
59%
Pack
59%
Standard
59%
bets
58%
Filled
57%
gauche
57%
losing
57%
swam
57%
tasteful
57%
Flew
55%
blew
54%
coast
53%
Dalí
49%
saltbox
47%
through
46%
No matching quizzes found
Score Distribution
Percent of People with Each Score
Percentile by Number Answered
Your Score History
You have not taken this quiz